Modern Cryptography Theory & Practice (Record no. 23893)

000 -LEADER
fixed length control field 00365nam a22001457a 4500
003 - CONTROL NUMBER IDENTIFIER
control field NUST
008 - FIXED-LENGTH DATA ELEMENTS--GENERAL INFORMATION
fixed length control field 140424b xxu||||| |||| 00| 0 eng d
020 ## - INTERNATIONAL STANDARD BOOK NUMBER
Terms of availability Available
038 ## - RECORD CONTENT LICENSOR
Staff Name Nusrat Nadeem
082 ## - DEWEY DECIMAL CLASSIFICATION NUMBER
Classification number 005.82 MAO
100 ## - MAIN ENTRY--PERSONAL NAME
Personal name Mao,Wenbo
9 (RLIN) 21438
245 ## - TITLE STATEMENT
Title Modern Cryptography Theory & Practice
Statement of responsibility, etc. Mao,Wenbo
538 ## - SYSTEM DETAILS NOTE
Display text Supercomputing Lab
942 ## - ADDED ENTRY ELEMENTS (KOHA)
Source of classification or shelving scheme
Koha item type Book
Holdings
Withdrawn status Lost status Source of classification or shelving scheme Damaged status Not for loan Permanent Location Current Location Shelving location Date acquired Full call number Barcode Date last seen Price effective from Koha item type
          NUST Baluchistan Campus (NBC) NUST Baluchistan Campus (NBC) General Stacks 04/24/2014 005.82MAO RCMS000202 04/24/2014 04/24/2014 Book
          NUST Baluchistan Campus (NBC) NUST Baluchistan Campus (NBC) General Stacks 04/24/2014 005.82MAO RCMS000204 04/24/2014 04/24/2014 Book
© 2023 Central Library, National University of Sciences and Technology. All Rights Reserved.